Normal view MARC view

Entry Geographic Name

Number of records used in: 3

001 - CONTROL NUMBER

  • control field: 24374

003 - CONTROL NUMBER IDENTIFIER

  • control field: OSt

005 - DATE AND TIME OF LATEST TRANSACTION

  • control field: 20230524150843.0

008 - FIXED-LENGTH DATA ELEMENTS

  • fixed length control field: 230524|| aca||aabn | a|a d

040 ## - CATALOGING SOURCE

  • Original cataloging agency: OSt
  • Transcribing agency: OSt

151 ## - HEADING--GEOGRAPHIC NAME

  • Geographic name: မြန်မာနိုင်ငံ

670 ## - SOURCE DATA FOUND

  • Source citation: Work cat.: (OSt): အမာ၊ ဒေါ်။ လူထူ။ 24373, မန္တလေးမတိုင်ခင်က မန္တလေး၊ ကျွန်မတို့ငယ်ငယ်တုန်းက မန္တလေး၊ ကျွန်မတို့ မန္တလေး /, ၂၀၂၂။

Library - 09407999929
Admin Office - 09407999979
Dean Office - 09250910768
Registrar Office - 09892297154
Email - [email protected]
Shan State Buddhist University, Phaya Phyu Taunggyi, Shan State, Myanmar.